Drew Barrymore Movies Quiz Stats

 Plays Quiz Updated Dec 31, 2020

Support Sporcle.
Go Orange.
Score 0/49 Timer 10:00
2 Plays Today
Year Movie % Correct
1982E.T.: The Extra-Terrestrial
83.5%
2000Charlie's Angels
79.6%
200450 First Dates
73.2%
1999Never Been Kissed
65.6%
2003Charlie's Angels: Full Throttle
65.6%
1998The Wedding Singer
59%
1998Ever After
37.2%
1996Scream
35.8%
2014Blended
35.1%
2001Riding in Cars with Boys
34.1%
2009He's Just Not That Into You
33.6%
1992Poison Ivy
32.3%
2005Fever Pitch
29.5%
1984Firestarter
28.4%
2007Music and Lyrics
28.2%
1995Batman Forever
22.7%
2009Whip It
21.9%
1999Home Fries
19.8%
2001Donnie Darko
18%
1995Boys on the Side
17%
2003Duplex
14.3%
2015Miss You Already
13.4%
2020The Stand In
13%
1993Wayne's World 2
12.7%
2012Big Miracle
12.6%
Year Movie % Correct
1995Mad Love
11.8%
2010Going the Distance
11.4%
1994Bad Girls
10.8%
2001Freddy Got Fingered
10.1%
1985Cat's Eye
9.3%
2007Lucky You
8.8%
1984Irreconcilable Differences
8.3%
2002Confessions of a Dangerous Mind
8.2%
2000Titan A.E.
7.5%
2008Beverly Hills Chihuahua
7.4%
2006Curious George
7.3%
1996Everyone Says I Love You
7.2%
2009Everybody's Fine
7.1%
1980Altered States
6.7%
1992Guncrazy
6.4%
1993Doppelganger
6.2%
1989Far from Home
6.1%
1997Best Men
5.9%
2000Skipped Parts
5.3%
1997Wishful Thinking
5.3%
1989See You in the Morning
5%
1991Motorama
4.9%
1993No Place to Hide
4.7%
1992Waxwork II: Lost in Time
4.5%

From the Vault

Aqua-Themed Trivia

by tim_parr

Not sure if it is a light bluish green or light greenish blue.
Remove Ads.
Support Sporcle.
Get the best of Sporcle when you Go Orange. This ad-free experience offers more features, more stats, and more fun while also helping to support Sporcle. Thank you for becoming a member.

Show Comments

Extras

Top Quizzes Today


Score Distribution

Your Account Isn't Verified!

In order to create a playlist on Sporcle, you need to verify the email address you used during registration. Go to your Sporcle Settings to finish the process.

Report this User

Report this user for behavior that violates our Community Guidelines.

Details: